| 000 | 01012nam a22003131i 4500 | ||
|---|---|---|---|
| 001 | 009703201 | ||
| 003 | EG-ScBUE | ||
| 005 | 20230516111355.0 | ||
| 008 | 990223t1999 maua f b 001 0 eng d | ||
| 020 | _a9780262522595 | ||
| 040 |
_aStDuBDS _beng _erda _cEG-ScBUE _dUk _dEG-ScBUE |
||
| 082 | 0 | 4 |
_a770.9 _222 _bBAT |
| 100 | 1 |
_aBatchen, Geoffrey, _eauthor. |
|
| 245 | 1 | 0 |
_aBurning with desire : _bthe conception of photography / _cGeoffrey Batchen. |
| 264 | 1 |
_aCambridge, Massachusetts : _bThe MIT Press, _c[1999] |
|
| 264 | 4 | _cc1999 | |
| 300 |
_axii, 273 pages : _billustrations ; _c23 cm. |
||
| 336 |
_atext _2rdacontent _btxt |
||
| 337 |
_aunmediated _2rdamedia _bn |
||
| 338 |
_avolume _2rdacarrier _bnc |
||
| 490 | 0 | _aThe conception | |
| 500 | _aOriginally published: 1997. | ||
| 504 | _aIncludes bibliographical references and index. | ||
| 650 | 7 |
_aPhotography _xHistory. _2BUEsh |
|
| 650 | 7 |
_aPhotography _xPhilosophy. _2BUEsh |
|
| 653 |
_bART _cMay2023 |
||
| 655 | _vReading book | ||
| 942 |
_2ddc _cBB |
||
| 999 |
_c30409 _d30380 |
||